1 to 10 - Statistics

General Stats
  • This quiz has been taken 75 times
  • The average score is 13 of 15
Answer Stats
Hint % Correct
1
100%
2
97%
3
97%
4
95%
5
95%
6
92%
7
92%
8
92%
9
92%
10
85%
11
85%
12
82%
13
79%
14
74%
15
67%
No matching quizzes found
Score Distribution
Percent of People with Each Score
Percentile by Number Answered
Your Score History
You have not taken this quiz